Documento que avala parte del pago de una casa por Don Manuel de la Borda (Record no. 4718)

MARC details
000 -CABECERA
campo de control de longitud fija 01495nam a2200313 a 4500
001 - NÚMERO DE CONTROL
campo de control BRCA_5024
005 - FECHA Y HORA DE LA ÚLTIMA TRANSACCIÓN
campo de control 20190320204917.0
008 - DATOS DE LONGITUD FIJA--INFORMACIÓN GENERAL
campo de control de longitud fija 011110s1787----mx-######v---#000-0#spa-#
041 ## - CÓDIGO DE LENGUA
Código de lengua del texto/banda sonora o título independiente spa
044 ## - CÓDIGO DEL PAÍS DE LA ENTIDAD EDITORA/PRODUCTORA
Código MARC del país mx
084 ## - OTRO NÚMERO DE CLASIFICACIÓN
Número de clasificación DOC91
Número de documento/Ítem .C76
-- 1787
100 1# - ENTRADA PRINCIPAL--NOMBRE DE PERSONA
Nombre de persona Crox, Sixto José
9 (RLIN) 12820
245 10 - MENCIÓN DE TÍTULO
Título Documento que avala parte del pago de una casa por Don Manuel de la Borda
Mención de responsabilidad, etc. Sixto Crox José ; Manuel de la Borda ; Manuel Clavijo y Mora.
260 ## - PUBLICACIÓN, DISTRIBUCIÓN, ETC.
Lugar de publicación, distribución, etc. México
Fecha de publicación, distribución, etc. 1787
300 ## - DESCRIPCIÓN FÍSICA
Extensión [10] fojas
Dimensiones 31 x 21 cm.
500 ## - NOTA GENERAL
Nota general Documento firmado el 24 de mayo de 1787.
500 ## - NOTA GENERAL
Nota general Documento en el cual Don Sixto José Crox, explica detalladamente como quedaban cubiertos a favor de Don Manuel de la Borda,
-- 1,000 de los
-- 5,000 que vale la casa comprada a Don Manuel Clavijo y Mora, abogado de la Real Audiencia.
500 ## - NOTA GENERAL
Nota general El documento contiene la leyenda DOC.# 251.
500 ## - NOTA GENERAL
Nota general Estado de conservación : contiene pequeñas lagunas provocadas por insectos, manchas en algunas fojas y márgenes deteriorados.
506 0# - NOTA DE RESTRICCIONES AL ACCESO
Limitaciones de acceso Fondo Reservado. Para su consulta es necesario credencial de usuario y carta de motivos.
546 ## - NOTA DE LENGUA/LENGUAJE
Nota de lengua/lenguaje Texto en : español de finales del siglo XVIII.
600 14 - PUNTO DE ACCESO ADICIONAL DE MATERIA--NOMBRE DE PERSONA
Nombre de persona Crox, Sixto José
Subdivisión general Historia
9 (RLIN) 12821
650 14 - PUNTO DE ACCESO ADICIONAL DE MATERIA--TÉRMINO DE MATERIA
Término de materia o nombre geográfico como elemento de entrada Compraventa de bienes raíces
Subdivisión de forma Manuscritos
Subdivisión geográfica Mèxico
9 (RLIN) 12822
651 #4 - PUNTO DE ACCESO ADICIONAL DE MATERIA--NOMBRE GEOGRÁFICO
Nombre geográfico México
Subdivisión general Historia
Subdivisión cronológica Colonia, 1521-1821
9 (RLIN) 12461
700 1# - PUNTO DE ACCESO ADICIONAL--NOMBRE DE PERSONA
Nombre de persona Borda, Manuel de la
9 (RLIN) 12823
700 1# - PUNTO DE ACCESO ADICIONAL--NOMBRE DE PERSONA
Nombre de persona Clavijo y Mora, Manuel
9 (RLIN) 12824
902 ## - CATALOGADOR
Iniciales FDH
942 ## - ELEMENTOS DE PUNTO DE ACCESO ADICIONAL (KOHA)
Fuente del sistema de clasificación o colocación Library of Congress Classification
Tipo de ítem Koha Documentos
Holdings
Estado de retiro Estado de pérdida Estado dañado No para préstamo Localización permanente Ubicación/localización actual Fecha de adquisición Total de préstamos Signatura topográfica completa Código de barras Fecha visto por última vez Precio válido a partir de Tipo de ítem Koha
El ejemplar forma parte de la colección y puede ser consultado según las políticas vigentes.       Biblioteca del Museo Franz Mayer (Rogerio Casas-Alatriste) Biblioteca del Museo Franz Mayer (Rogerio Casas-Alatriste) 01/11/2010   DOC91 .C76 1787 5112 22/03/2019 22/03/2019 Documentos